Ballon d'or 2023 - Classement - Statistiques

Statistiques générales
  • Ce quiz a été pris 4 938 fois
  • Le résultat moyen est 26 sur 30
Statistiques - réponses
Rang Pays Club(s) Joueur % Correct
#1 Argentine PSG / Inter Miami Lionel Messi
100%
#2 Norvège Manchester City Erling Haaland
99%
#3 France PSG Kylian Mbappé
99%
#4 Belgique Manchester City Kevin De Bruyne
97%
#6 Brésil Real Madrid Vinicius Junior
95%
#10 Croatie Real Madrid Luka Modric
94%
#11 Egypte Liverpool Mohamed Salah
94%
#5 Espagne Manchester City Rodri
94%
#21 France Atlético Madrid Antoine Griezmann
92%
#15 Argentine Aston Villa Emiliano Martinez
92%
#16 France Real Madrid / Al-Ittihad Karim Benzema
92%
#20 Argentine Inter Milan Lautaro Martinez
92%
#12 Pologne FC Barcelone Robert Lewandowski
91%
#19 Angleterre Tottenham / Bayern Munich Harry Kane
90%
#9 Portugal Manchester City Bernardo Silva
89%
#18 Angleterre Borussia Dortmund / Real Madrid Jude Bellingham
89%
#7 Argentine Manchester City Julian Alvarez
86%
#14 Allemagne Manchester City / FC Barcelone Ilkay Gündogan
85%
- France Eintracht Francfort / PSG Randal Kolo Muani
85%
#22 Corée du Sud SSC Napoli / Bayern Munich Kim Min-jae
84%
#13 Maroc FC Séville / Al-Hilal Yassine Bounou
84%
#28 Norvège Arsenal Martin Ødegaard
83%
#30 Portugal Manchester City Ruben Dias
83%
#8 Nigéria SSC Napoli Victor Osimhen
83%
#23 Cameroun Inter Milan / Manchester United André Onana
82%
#24 Angleterre Arsenal Bukayo Saka
82%
#17 Géorgie SSC Napoli Khvicha Kvaratskhelia
80%
#25 Croatie RB Leipzig / Manchester City Josko Gvardiol
76%
#27 Italie Inter Milan Nicolo Barella
70%
#26 Allemagne Bayern Munich Jamal Musiala
68%
Aucun quiz correspondant
Distribution des résultats
% des personnes avec chaque résultat
Percentile par nombre de réponses
Votre historique - résultats
Vous n’avez pas pris ce quiz